Φορτώνει......

National Family Health Survey: Goa 1992-93

Λεπτομέρειες βιβλιογραφικής εγγραφής
Κύριος συγγραφέας: Patna University
Μορφή: Printed Book
Έκδοση: Dharwad PRC 1995
Θέματα:
LEADER 00450nam a22001217a 4500
082 |a 362.10954799  |b PAT.NGo 
100 |a Patna University 
245 |a National Family Health Survey: Goa 1992-93 
260 |a Dharwad  |b PRC  |c 1995 
650 |a Social welfare problems - Physical illness 
942 |c BK 
999 |c 12253  |d 12253 
952 |0 0  |1 0  |4 0  |6 362_109547990000000_PAT_NGO  |7 0  |9 14399  |a CAMPUS  |b CAMPUS  |d 2017-07-20  |l 0  |o 362.10954799 PAT.NGo  |p G.0180  |r 2017-07-20  |w 2019-07-15  |y BK